| 000 | 01841nam a2200337 4500 | ||
|---|---|---|---|
| 001 | 0000021989 | ||
| 003 | CO-CtgCURN | ||
| 005 | 20250329191030.0 | ||
| 007 | ta | ||
| 008 | 160627s1994 000 0 eng d | ||
| 020 | _a968164199X | ||
| 040 |
_aCO-CtgCURN _bspa _ccoctgcurn |
||
| 082 | 0 |
_a320.9 _bS116h |
|
| 100 | 1 | _aSabine, George H. | |
| 245 | 1 | 0 |
_aHistoria de la teoria política / _cGeorge Holland Sabine , traducción de Vicente Herrero , revisada por Thomas Landon Thorson. |
| 250 | _a3a. ed. | ||
| 260 |
_aMexico : _bFondo de Cultura Economica, _c1994. |
||
| 300 | _a697 p. | ||
| 336 | _2rdacontent | ||
| 337 |
_2rdamedia _asin mediacion _bn |
||
| 338 |
_2rdacarrier _avolumen _bnc |
||
| 490 | 1 | _aSección de obras de política y derecho | |
| 500 | _aIncluye indice\Titulo original. : A history of polítical theory. | ||
| 505 | 8 | _aLa teoria de la ciudad y el estado.--El contexto de la economia economica.--El desarrollo de la civilizacion antes los griegos.--La invencion de la filosofia política.--La ciudad y Estado.--clases sociales.--Instituciones políticas.--El hombre honrado es el noble de la naturaleza.--Socrates.--Platon.--Republica.--La omision del derecho.--Señor y vasallo.--Marsilio de Padua y Guillermo de Occam.--El Estado.--Maquiavelo.--Las guerras de religion en Francia.--Los Jesuitas y poder indirecto del Papa.--Jacabo I.--La utupia de Tomas Moro.--Thomas Hobbes.--Radicalismo y Comunismo.--La voluntad general.--Hegel. Dialectica y Nacionalismo.--Liberalismo.--Marx El comunismo.--Fascismo | |
| 650 | 1 | 4 |
_aCiencia política _vHistoria. |
| 700 | 1 |
_aHerrero, Vicente, _eTraductor. |
|
| 908 | _a160627 | ||
| 942 |
_cBK _h320.9 _iS116h _2ddc |
||
| 999 |
_c11740 _d11740 |
||